000 00740nas a2200253 4500
001 BR9607640
003 BR-BrBNA
005 20231205095921.0
007 ta
008 230509b bl.|||p| |||| 00| 00por d
040 _aBR-BrBNA
_bpor
_cBiblioteca Nacional de Agricultura
041 _a(Pt)
072 _aF01
100 1 _aBisognin, D.A.
100 1 _aAmarante, C.V.T. do
100 1 _aCanci, P.C.
245 1 _aQuebra de dormencia e de dominancia apical em batata
650 _aBatata
650 _aAcido Giberelico
650 _aQuebra da Dormencia
773 0 _tHorticultura Brasileira (Brazil)
_xISSN 0102-0536
_g(May 1996), v. 14(1) p. 23-26
_wBR9607640
909 _a202311
_bLúcia
_c55
_dLúcia Elande
942 _2AGRIS
_n0
_cANA
999 _c153446
_d153446